Responses for show #6297 - Tuesday, January 24, 2012

Contestants

[<< previous game]

Elizabeth Edwards, a graduate student in museum studies from Hendersonville, Tennessee

Sean O'Connor, an attorney originally from St. Louis, Missouri

Kirby Burnett, a poker dealer from Prior Lake, Minnesota (whose 1-day cash winnings total $27,600)

[next game >>]

Jeopardy! Round responses

CANADIAN POSTAL ABBREVIATIONS
MUSIC ALPHABET
TV REALITY SHOWS BY WINNER
NEW AGE THINKING
LET'S TAKE A "TRIP"
YOU'LL NEED INSURANCE
    $200 17
British Columbia

Kirby
    $200 8
the chapel

Triple Stumper
    $200 10
American Idol

Kirby
    $200 1
Aquarius

Kirby
    $200 6
a triple crown

Sean
    $200 23
the beneficiary

Sean
    $400 18
Alberta

Kirby
    $400 9
(Alex: For [*]. Play it again, Sam.)

an encore

Triple Stumper
    $400 21
(Kirby: What is The Apprentice?)
(Alex: Be more specific.)
(Kirby: Uh...)
(Alex: No.)

Celebrity Apprentice

KirbySean
    $400 2
channeling

Kirby
    $400 7
a tripwire

Elizabeth
    $400 24
(Kirby: What is, uh, health insurance?)

malpractice insurance

KirbySean
    $600 19
Nova Scotia

Kirby
    $600 11
it's getting quieter (or softer)

Elizabeth
    $600 28
[The end-of-round signal sounds.]

America's Got Talent

Elizabeth
    $600 3
the third eye

Kirby
    $600 14
a triptych

Kirby
    $600 25
actuarial tables

Kirby
    $800 20
the Yukon Territory

Elizabeth
    $800 12
tearful (or sad)

Kirby
    $800 4
convergence

Kirby
    $800 15
Tripoli

Kirby
    $3,400 26
Double Indemnity

Kirby
    $1000 22
Prince Edward Island

Kirby
    $1000 13
pluck

Elizabeth
    $1000 5
[Applause for Kirby's run of the category]
(Alex: And you ran the category, and as a result, you have a $3,000 total.)

mandala

Kirby
    $1000 16
trippingly

Kirby
    $1000 27
workmen's compensation

Triple Stumper

Scores at the first commercial break (after clue 15):

Kirby Sean Elizabeth
$5,400 $200 $2,000

Scores at the end of the Jeopardy! Round:

Kirby Sean Elizabeth
$11,800 $1,200 $3,400

Double Jeopardy! Round responses

INSIDE THE BRAIN OF MEGAN FOX
JACK BE HOMONYM-BLE
THE OLD BALL GAME
ASIAN HISTORY
PLAY DATES
NAME'S THE SAME
    $400 26
hemispheres

Kirby
    $400 21
fore

Elizabeth
    $400 6
(Sean: Throwing it at the player? Hit--[*]? What is [*]?)
...
(Alex: It's like dodgeball.)

hitting the player

Sean
    $400 1
the sun

Sean
    $400 16
1988

Kirby
    $400 11
Anne Hathaway

Sean
    $800 27
(Sean: Her life? What is her life?)

money

Sean
Triple Stumper
    $800 22
belt

Sean
    $800 7
polo

Sean
    $800 2
Siberia

Sean
    $800 17
Equus

Kirby
    $800 12
Jane Seymour

Elizabeth
    $1200 28
lobes

Kirby
    $1200 23
(Sean: Jab? What is jab?)

rap

KirbySean
    $1200 8
Yucat√°n

Kirby
    $1200 3
Ho Chi Minh

Kirby
    $1200 18
The Iceman Cometh

Kirby
    $1200 13
Kenny Rogers

Elizabeth
    $1600 29
the brain stem

Kirby
    $1600 24
(Alex: Good. With a minute to go.)

board

Elizabeth
    $1600 9
jai alai

Kirby
    $5,000 4
Indonesia

Kirby
    $6,000 19
(Kirby: What is...)
(Alex: Say something.)

Cat on a Hot Tin Roof

Kirby
    $1600 14
(Elizabeth: Who is Jon Davis?)

Jim Davis

KirbyElizabeth
    $2000 30
(Sean: What is auditory lobe?)

cortex

KirbySean
    $2000 25
a junk

Sean
    $2000 10
hurling

Sean
    $2000 5
Zoroastrianism

Sean
    $2000 20
1666

Kirby
    $2000 15
John Adams

Triple Stumper

Scores at the end of the Double Jeopardy! Round:

Kirby Sean Elizabeth
$27,200 $6,800 $5,800
(lock game)

[wagering suggestions for these scores]

Final Jeopardy! Round responses

ISLANDS
ElizabethWhat is Sicily?
$5,000
SeanWhat is Sicily
$6,800
KirbyWhat is Corsica?
$3,000
Corsica

Final scores:

Kirby Sean Elizabeth
$30,200 $0 $800
2-day champion: $57,800 3rd place: $1,000 2nd place: $2,000

Game dynamics:

Coryat scores:

Kirby Sean Elizabeth
$27,200 $6,800 $5,800
30 R
(including 2 DDs),
3 W
(including 1 DD)
13 R,
3 W
9 R,
1 W

Combined Coryat: $39,800

The J! Archive is created by fans, for fans. The Jeopardy! game show and all elements thereof, including but not limited to copyright and trademark thereto, are the property of Jeopardy Productions, Inc. and are protected under law. This website is not affiliated with, sponsored by, or operated by Jeopardy Productions, Inc. Join the discussion at JBoard.tv.